000 01199nam a2200313 i 4500
001 162036
003 ES-MaACL
005 20240328063537.0
008 990712s1884 sp |||| | spa d
040 _aCCPB | B
_bspa
_cCCPB | B
080 _a82.09
080 _a930.85(100)"04/14"
080 _a94(460)"1870/73"
100 1 _aPi y Margall, Francisco,
_d1824-1901
_eaut
_991732
245 1 0 _aOpúsculos /
_cF. Pi y Margall.
260 _aMadrid :
_b[s.n.],
_c1884
_f(Tip. de Manuel G. Hernández)
300 _a286 páginas ;
_c16 cm.
505 0 _aAmadeo de Saboya ; Estudios sobre la Edad Media ; Observaciones sobre el carácter de don Juan Tenorio
530 _aDisponible en formato digital
600 0 4 _aAmadeo
_bI,
_cRey de España
_921073
600 0 _aDon Juan (Personaje de ficción)
_9223589
650 7 _aCivilización medieval
_9146249
651 4 _98261
_aEspaña-
_xHistoria-
_y1870-1873, Amadeo I
852 _aES-MaACL
_cDEPO2
_jF-449
_xHolandesa
856 4 _uhttps://bdh-rd.bne.es/viewer.vm?id=0000237282&page=1
_xBiblioteca Digital Hispánica
_zTexto completo
942 _cMONANT
_n0
999 _c162036
_d162036